Statistics for Name a Valid Answer - NBA #2

Click here to take the quiz!

General Stats

  • This quiz has been taken 184 times
    (170 since last reset)
  • The average score is 11 of 12

Answer Stats

Category Answer % Correct
A NBA Finals MVP in the 2010'sKawhi Leonard | Kevin Durant | LeBron James | Andre Iguodala | Dirk Nowitzki | Kobe Bryant
98%
A player who scored more than 70 points in a match, but who is not Wilt ChamberlainKobe Bryant | David Thompson | Elgin Baylor | David Robinson | Devin Booker
97%
A player who at least two gold medals at the OlympicsMichael Jordan | Patrick Ewing | Chris Mullin | David Robinson | John Stockton | Scottie Pippen | Karl Malone | Charles Barkley | Gary Payton | LeBron James | Kobe Bryant | Jason Kidd | Chris Paul | Deron Williams | Kevin Durant | Carmelo Anthony
96%
A player who won at least six championships, but who has not played for the 1950's-60's CelticsMichael Jordan | Scottie Pippen | Kareem Abdul-Jabbar | Robert Horry
95%
One of Shaquille O'Neal's nicknamesShaq | The Diesel | The Big Aristotle | Big Cactus | Superman | Shaq Fu | Big Shaq
91%
One of the six teams who have never reached the FinalsNew Orleans Pelicans | Memphis Grizzlies | Charlotte Hornets | Minnesota Timberwolves | Denver Nuggets | Los Angeles Clippers
90%
A foreign Rookie of the YearLuka Doncic | Ben Simmons | Karl-Anthony Towns | Andrew Wiggins | Pau Gasol
89%
A player who has recorded more than 40 rebounds in a gameBill Russell | Wilt Chamberlain | Nate Thurmond | Jerry Lucas
86%
A player who has played more than 1500 matches in his careerRobert Parish | Kareem Abdul-Jabbar | Dirk Nowitzki | John Stockton | Vince Carter
84%
A french player who won at least one NBA ChampionshipTony Parker | Boris Diaw | Ian Mahinmi | Ronny Turiaf | Rodrigue Beaubois
83%
One of Dennis Rodman's jersey number10 | 91 | 73 | 70
80%
A foreign first pick of the draftDeAndre Ayton | Ben Simmons | Karl-Anthony Towns | Andrew Wiggins | Anthony Bennett | Andrea Bargnani | Andrew Bogut | Yao Ming | Michael Olowokandi | Mychal Thompson
78%

Score Distribution

Percentile by Number Answered

Percent of People with Each Score

Your Score History

You have not taken this quiz since the last reset